Vista normal
Vista MARC
Entrada Personal Name
Número de registros utilizados en: 1
001 - CONTROL NUMBER
- control field: 11076
003 - CONTROL NUMBER IDENTIFIER
- control field: OSt
005 - DATE AND TIME OF LATEST TRANSACTION
- control field: 20200930220351.0
008 - FIXED-LENGTH DATA ELEMENTS
- fixed length control field: 200930|| aca||aabn | a|a d
040 ## - CATALOGING SOURCE
- Original cataloging agency: OSt
- Transcribing agency: OSt
100 ## - HEADING--PERSONAL NAME
- Personal name: Cobain, Kurt,
- General subdivision: biografías
- Chronological subdivision: 1967-1994
670 ## - SOURCE DATA FOUND
- Source citation: Work cat.: (OSt)3246: Abdahllah, Ricardo, autor 11075, Kurt Cobain : , ©2006